Biggest cities in Thrace - Statistics

General Stats
  • This quiz has been taken 5 times
  • The average score is 4 of 10
Answer Stats
Population Country City % Correct
210,600 . Burgas
80%
180,000 . Edirne
80%
85,500 . Kirklareli
60%
65,200 . Komotini
40%
186,400 . Tekirdag
40%
58,700 . Xanthi
40%
71,700 . Alexandroupolis
20%
9,160,000 (European part) . Istambul
0%
329,500 . Plovidiv
0%
121,200 . Stara Zagora
0%
No matching quizzes found
Score Distribution
Percent of People with Each Score
Percentile by Number Answered
Your Score History
You have not taken this quiz